HBC Nantes joueurs par images - Statistiques

Statistiques générales
  • Ce quiz a été pris 52 fois
    32 depuis la dernière actualisation
  • Le résultat moyen est 13 sur 17
Statistiques - réponses
Par images Hint Réponse % Correct
Arrières Thibault BRIET
100%
Demi-centres Aymeric MINNE
96%
Ailier Valero RIVERA
96%
Arrières Julien BOS
92%
Pivot Nicolas TOURNAT
92%
Demi-centres Lucas DE LA BRETECHE
85%
Arrières Ayoub ABDI
77%
Gardien Ivan PESIC
77%
Demi-Centres Rok OVNIČEK
77%
Ailier Noam LEOPOLD
73%
Pivot Shuichi YOSHIDA
73%
Gardien Ignacio BIOSCA
69%
Ailier kauldi ODRIOZOLA
69%
Pivot Matej GABER
65%
Ailier Théo AVELANGE-DEMOUGE
62%
Arrières Baptiste BONNEFOND
42%
Arrières Marko MILOSAVLJEVIC
12%
Aucun quiz correspondant
Distribution des résultats
% des personnes avec chaque résultat
Percentile par nombre de réponses
Votre historique - résultats
Vous n’avez pas pris ce quiz depuis la dernière actualisation